|
|
|
|
| LEADER |
01685nam a22004093i 4500 |
| 001 |
EBC6978302 |
| 003 |
MiAaPQ |
| 005 |
20231204023224.0 |
| 006 |
m o d | |
| 007 |
cr cnu|||||||| |
| 008 |
231204s2021 xx o ||||0 eng d |
| 020 |
|
|
|a 9781501507038
|q (electronic bk.)
|
| 020 |
|
|
|z 9781501515637
|
| 035 |
|
|
|a (MiAaPQ)EBC6978302
|
| 035 |
|
|
|a (Au-PeEL)EBL6978302
|
| 035 |
|
|
|a (OCoLC)1243310736
|
| 040 |
|
|
|a MiAaPQ
|b eng
|e rda
|e pn
|c MiAaPQ
|d MiAaPQ
|
| 082 |
0 |
|
|a 895.11/2
|
| 100 |
1 |
|
|a Cutter, Robert Joe.
|
| 245 |
1 |
4 |
|a The Poetry of Cao Zhi.
|
| 250 |
|
|
|a 1st ed.
|
| 264 |
|
1 |
|a Boston :
|b De Gruyter, Inc.,
|c 2021.
|
| 264 |
|
4 |
|c Ã2021.
|
| 300 |
|
|
|a 1 online resource (430 pages)
|
| 336 |
|
|
|a text
|b txt
|2 rdacontent
|
| 337 |
|
|
|a computer
|b c
|2 rdamedia
|
| 338 |
|
|
|a online resource
|b cr
|2 rdacarrier
|
| 490 |
1 |
|
|a Library of Chinese Humanities Series
|
| 505 |
0 |
|
|a Intro -- Table of Contents -- Acknowledgments -- Introduction -- Translations -- Fu -- Shi -- Yuefu -- List of Abbreviations -- Additional Notes.
|
| 588 |
|
|
|a Description based on publisher supplied metadata and other sources.
|
| 590 |
|
|
|a Electronic reproduction. Ann Arbor, Michigan : ProQuest Ebook Central, 2023. Available via World Wide Web. Access may be limited to ProQuest Ebook Central affiliated libraries.
|
| 655 |
|
4 |
|a Electronic books.
|
| 700 |
1 |
|
|a Kroll, Paul W.
|
| 776 |
0 |
8 |
|i Print version:
|a Cutter, Robert Joe
|t The Poetry of Cao Zhi
|d Boston : De Gruyter, Inc.,c2021
|z 9781501515637
|
| 797 |
2 |
|
|a ProQuest (Firm)
|
| 830 |
|
0 |
|a Library of Chinese Humanities Series
|
| 856 |
4 |
0 |
|u https://ebookcentral.proquest.com/lib/matrademy/detail.action?docID=6978302
|z Click to View
|